<?xml version="1.0" encoding="UTF-8"?>
<record
    xmlns:xsi="http://www.w3.org/2001/XMLSchema-instance"
    xsi:schemaLocation="http://www.loc.gov/MARC21/slim http://www.loc.gov/standards/marcxml/schema/MARC21slim.xsd"
    xmlns="http://www.loc.gov/MARC21/slim">

  <leader>00910pam a2200289 a 4500</leader>
  <datafield tag="999" ind1=" " ind2=" ">
    <subfield code="c">79600</subfield>
    <subfield code="d">316877</subfield>
  </datafield>
  <controlfield tag="001">3351664</controlfield>
  <controlfield tag="003">Ma-Un</controlfield>
  <controlfield tag="005">20211229100849.0</controlfield>
  <controlfield tag="008">860716s1987    ilu      b    001 0 eng  </controlfield>
  <datafield tag="020" ind1=" " ind2=" ">
    <subfield code="a">9780226468044</subfield>
  </datafield>
  <datafield tag="040" ind1=" " ind2=" ">
    <subfield code="a">DLC</subfield>
    <subfield code="c">DLC</subfield>
    <subfield code="d">DLC</subfield>
  </datafield>
  <datafield tag="050" ind1="0" ind2="0">
    <subfield code="a">P37</subfield>
    <subfield code="b">.L344 1987</subfield>
  </datafield>
  <datafield tag="082" ind1="0" ind2="0">
    <subfield code="a">401.9</subfield>
    <subfield code="b">LGW</subfield>
    <subfield code="2">21</subfield>
  </datafield>
  <datafield tag="100" ind1="1" ind2=" ">
    <subfield code="a">Lakoff, George.</subfield>
    <subfield code="9">89007</subfield>
  </datafield>
  <datafield tag="245" ind1="1" ind2="0">
    <subfield code="a">Women, fire, and dangerous things :</subfield>
    <subfield code="b">what categories reveal about the mind /</subfield>
    <subfield code="c">George Lakoff.</subfield>
  </datafield>
  <datafield tag="260" ind1=" " ind2=" ">
    <subfield code="a">Chicago :</subfield>
    <subfield code="b">University of Chicago Press,</subfield>
    <subfield code="c">2012.</subfield>
  </datafield>
  <datafield tag="300" ind1=" " ind2=" ">
    <subfield code="a">xvii, 614 p. ;</subfield>
    <subfield code="c">24 cm.</subfield>
  </datafield>
  <datafield tag="500" ind1=" " ind2=" ">
    <subfield code="a">Includes indexes.</subfield>
  </datafield>
  <datafield tag="504" ind1=" " ind2=" ">
    <subfield code="a">Bibliography: p. 589-600.</subfield>
  </datafield>
  <datafield tag="650" ind1=" " ind2="0">
    <subfield code="a">Psycholinguistics.</subfield>
    <subfield code="9">89026</subfield>
  </datafield>
  <datafield tag="650" ind1=" " ind2="0">
    <subfield code="a">Categorization (Psychology)</subfield>
    <subfield code="9">89024</subfield>
  </datafield>
  <datafield tag="650" ind1=" " ind2="0">
    <subfield code="a">Cognition.</subfield>
    <subfield code="9">7157</subfield>
  </datafield>
  <datafield tag="650" ind1=" " ind2="0">
    <subfield code="a">Thought and thinking.</subfield>
    <subfield code="9">10480</subfield>
  </datafield>
  <datafield tag="650" ind1=" " ind2="0">
    <subfield code="a">Reason.</subfield>
    <subfield code="9">89025</subfield>
  </datafield>
  <datafield tag="942" ind1=" " ind2=" ">
    <subfield code="2">ddc</subfield>
    <subfield code="c">BOOK</subfield>
  </datafield>
  <datafield tag="906" ind1=" " ind2=" ">
    <subfield code="a">7</subfield>
    <subfield code="b">cbc</subfield>
    <subfield code="c">orignew</subfield>
    <subfield code="d">1</subfield>
    <subfield code="e">ocip</subfield>
    <subfield code="f">19</subfield>
    <subfield code="g">y-gencatlg</subfield>
  </datafield>
  <datafield tag="952" ind1=" " ind2=" ">
    <subfield code="1">0</subfield>
    <subfield code="2">2021-12-29</subfield>
    <subfield code="4">0</subfield>
    <subfield code="7">0</subfield>
    <subfield code="U">2021-12-29</subfield>
    <subfield code="a">401.9 LGW</subfield>
    <subfield code="d">2021-12-29</subfield>
    <subfield code="h">CL</subfield>
    <subfield code="i">00168433</subfield>
    <subfield code="m">CL</subfield>
    <subfield code="r">2021-12-29 00:00:00</subfield>
    <subfield code="t">BOOK</subfield>
    <subfield code="w">ddc</subfield>
    <subfield code="y">0</subfield>
  </datafield>
  <datafield tag="952" ind1=" " ind2=" ">
    <subfield code="1">0</subfield>
    <subfield code="2">2021-12-29</subfield>
    <subfield code="4">0</subfield>
    <subfield code="7">0</subfield>
    <subfield code="U">2021-12-29</subfield>
    <subfield code="a">401.9 LGW</subfield>
    <subfield code="d">2021-12-29</subfield>
    <subfield code="h">CL</subfield>
    <subfield code="i">00168434</subfield>
    <subfield code="m">CL</subfield>
    <subfield code="r">2021-12-29 00:00:00</subfield>
    <subfield code="t">BOOK</subfield>
    <subfield code="w">ddc</subfield>
    <subfield code="y">0</subfield>
  </datafield>
  <datafield tag="952" ind1=" " ind2=" ">
    <subfield code="1">0</subfield>
    <subfield code="2">2021-12-29</subfield>
    <subfield code="4">0</subfield>
    <subfield code="7">0</subfield>
    <subfield code="U">2021-12-29</subfield>
    <subfield code="a">401.9 LGW</subfield>
    <subfield code="d">2021-12-29</subfield>
    <subfield code="h">CL</subfield>
    <subfield code="i">00168435</subfield>
    <subfield code="m">CL</subfield>
    <subfield code="r">2021-12-29 00:00:00</subfield>
    <subfield code="t">BOOK</subfield>
    <subfield code="w">ddc</subfield>
    <subfield code="y">0</subfield>
  </datafield>
  <datafield tag="952" ind1=" " ind2=" ">
    <subfield code="1">0</subfield>
    <subfield code="2">2021-12-29</subfield>
    <subfield code="4">0</subfield>
    <subfield code="7">0</subfield>
    <subfield code="U">2021-12-29</subfield>
    <subfield code="a">401.9 LGW</subfield>
    <subfield code="d">2021-12-29</subfield>
    <subfield code="h">EZF</subfield>
    <subfield code="i">00168436</subfield>
    <subfield code="m">EZF</subfield>
    <subfield code="r">2021-12-29 00:00:00</subfield>
    <subfield code="t">BOOK</subfield>
    <subfield code="w">ddc</subfield>
    <subfield code="y">0</subfield>
  </datafield>
  <datafield tag="952" ind1=" " ind2=" ">
    <subfield code="1">0</subfield>
    <subfield code="2">2021-12-29</subfield>
    <subfield code="4">0</subfield>
    <subfield code="7">0</subfield>
    <subfield code="U">2021-12-29</subfield>
    <subfield code="a">401.9 LGW</subfield>
    <subfield code="d">2021-12-29</subfield>
    <subfield code="h">EZF</subfield>
    <subfield code="i">00168437</subfield>
    <subfield code="m">EZF</subfield>
    <subfield code="q">2023-06-20</subfield>
    <subfield code="r">2023-11-12 00:00:00</subfield>
    <subfield code="t">BOOK</subfield>
    <subfield code="w">ddc</subfield>
    <subfield code="y">2</subfield>
  </datafield>
  <datafield tag="952" ind1=" " ind2=" ">
    <subfield code="1">0</subfield>
    <subfield code="2">2021-12-29</subfield>
    <subfield code="4">0</subfield>
    <subfield code="7">0</subfield>
    <subfield code="U">2021-12-29</subfield>
    <subfield code="a">401.9 LGW</subfield>
    <subfield code="d">2021-12-29</subfield>
    <subfield code="h">EMF</subfield>
    <subfield code="i">00168438</subfield>
    <subfield code="m">EMF</subfield>
    <subfield code="r">2021-12-29 00:00:00</subfield>
    <subfield code="t">BOOK</subfield>
    <subfield code="w">ddc</subfield>
    <subfield code="y">0</subfield>
  </datafield>
  <datafield tag="952" ind1=" " ind2=" ">
    <subfield code="1">0</subfield>
    <subfield code="2">2021-12-29</subfield>
    <subfield code="4">0</subfield>
    <subfield code="7">0</subfield>
    <subfield code="U">2021-12-29</subfield>
    <subfield code="a">401.9 LGW</subfield>
    <subfield code="d">2021-12-29</subfield>
    <subfield code="h">EMF</subfield>
    <subfield code="i">00168439</subfield>
    <subfield code="m">EMF</subfield>
    <subfield code="r">2021-12-29 00:00:00</subfield>
    <subfield code="t">BOOK</subfield>
    <subfield code="w">ddc</subfield>
    <subfield code="y">0</subfield>
  </datafield>
</record>
